| 000 | 00345nam a22001217a 4500 | ||
|---|---|---|---|
| 020 | _a0852263422 | ||
| 082 |
_222 _a620.106 |
||
| 100 | _aGupta, Vijay and Gupta, Santosh, K. | ||
| 245 | _aFluid mechanics and its applications / | ||
| 260 |
_aNew Delhi, _bNew Age International, _cc2006. |
||
| 300 |
_axii, 536 p. ; _bill. ; _c23 cm. |
||
| 942 |
_2ddc _cMEC |
||
| 999 |
_c382 _d382 |
||